000 00851cam a2200241 4500
001 L129359
008 050414n2005 000 0 eng u
020 _a1860817386
035 _a(Sirsi) u129359
041 _aeng
050 _a696
_c18
100 _aSanders, Chris
245 _aModelling and controlling interstitial condensation in buildings
260 _aWatford
_bBRE
_c2005
300 _a12p.
_c30cm.
350 _a12
490 _aBRE Information Paper
_v2/05
520 _aConsiders the models that are available to analyse the risk of interstitial condensation within structures. This guidance is intended for those involved in the design and construction of buildings.
590 _aIKA150405
690 _aBUILT ENVIRONMENT-CONSTRUCTION DESIGN
710 _aUnited Kingdom
_bOffice of the Deputy Prime Minister
942 _n0
999 _c104155
_d104155